| 000 | 00491cam a2200193ua 4500 | ||
|---|---|---|---|
| 001 | 4200 | ||
| 008 | 111220n ii |||gr||||Z||||||eng | ||
| 040 | _cMAIN | ||
| 082 | _a301.072 | ||
| 100 | 1 | _aBajpai, S. R., | |
| 245 | 1 | 1 |
_aMethods of social and research _cby S. R. Bajpai |
| 250 | _a4th. | ||
| 260 |
_aKanpur: _bKitab ghar,969. |
||
| 300 |
_a512p: _c23cm. |
||
| 653 | _aMethods of social and research | ||
| 653 | _aMethods of social and research | ||
| 653 | _aSociology | ||
| 942 | _cBK | ||
| 999 |
_c4022 _d4022 |
||